Fr. Conceicao Rodrigues College of Engineering

Corporation finance:Principles and problems (Record no. 20508)

MARC details
000 -LEADER
fixed length control field 00324nam a2200145Ia 4500
082 ## - DEWEY DECIMAL CLASSIFICATION NUMBER
Classification number 657.48
Item number KUC
100 ## - MAIN ENTRY--PERSONAL NAME
Personal name Kuchhal/S.C
250 ## - EDITION STATEMENT
Edition statement 2
245 ## - TITLE STATEMENT
Title Corporation finance:Principles and problems
260 ## - PUBLICATION, DISTRIBUTION, ETC.
Name of publisher, distributor, etc. Chaitanya
Place of publication, distribution, etc. Allahabad
Date of publication, distribution, etc. 1958
300 ## - PHYSICAL DESCRIPTION
Extent 525
546 ## - LANGUAGE NOTE
Language note ENGLISH
654 ## - SUBJECT ADDED ENTRY--FACETED TOPICAL TERMS
Focus term corporation
942 ## - ADDED ENTRY ELEMENTS (KOHA)
Koha item type BOOK
Holdings
Withdrawn status Lost status Damaged status Not for loan Collection Home library Current library Shelving location Date acquired Total Checkouts Full call number Barcode Date last seen Price effective from Koha item type
        CRC Fr. Agnel's C.Rodrigues College of Engineering Fr. Agnel's C.Rodrigues College of Engineering   17/03/2023   657.48 KUC 3373 17/03/2023 17/03/2023 BOOK